<?xml version="1.0" encoding="UTF-8"?>
<record
    xmlns:xsi="http://www.w3.org/2001/XMLSchema-instance"
    xsi:schemaLocation="http://www.loc.gov/MARC21/slim http://www.loc.gov/standards/marcxml/schema/MARC21slim.xsd"
    xmlns="http://www.loc.gov/MARC21/slim">

  <leader>02033na  a2200445   4500</leader>
  <datafield tag="952" ind1=" " ind2=" ">
    <subfield code="5">1</subfield>
    <subfield code="a">0001</subfield>
    <subfield code="b">0001</subfield>
    <subfield code="d">2017-01-18</subfield>
    <subfield code="e">2</subfield>
    <subfield code="f"> BRO&#x15E;&#xDC;RLER</subfield>
    <subfield code="l">0</subfield>
    <subfield code="o">BRO&#x15E;&#xDC;R 416</subfield>
    <subfield code="p">011712</subfield>
    <subfield code="r">2017-01-18 00:00:00</subfield>
    <subfield code="w">2017-01-18</subfield>
    <subfield code="y">VIS</subfield>
  </datafield>
  <datafield tag="999" ind1=" " ind2=" ">
    <subfield code="c">9056</subfield>
    <subfield code="d">9056</subfield>
  </datafield>
  <controlfield tag="001">20380</controlfield>
  <controlfield tag="003">MIRAKIL</controlfield>
  <controlfield tag="005">20200706105931.0</controlfield>
  <controlfield tag="008">170118b        tu            000 0      </controlfield>
  <datafield tag="035" ind1=" " ind2=" ">
    <subfield code="a">20380</subfield>
  </datafield>
  <datafield tag="040" ind1=" " ind2=" ">
    <subfield code="a">Milas</subfield>
    <subfield code="b">tur</subfield>
    <subfield code="c">TR-AnCHP</subfield>
  </datafield>
  <datafield tag="041" ind1=" " ind2=" ">
    <subfield code="a">tur</subfield>
  </datafield>
  <datafield tag="082" ind1=" " ind2=" ">
    <subfield code="a">CHP 324.2372026</subfield>
    <subfield code="b">C36y 2014</subfield>
  </datafield>
  <datafield tag="090" ind1=" " ind2=" ">
    <subfield code="a">BRO&#x15E;&#xDC;R 416</subfield>
  </datafield>
  <datafield tag="110" ind1=" " ind2=" ">
    <subfield code="a">Cumhuriyet Halk Partisi (CHP)</subfield>
  </datafield>
  <datafield tag="222" ind1=" " ind2=" ">
    <subfield code="a">Y&#xF6;netmelikler</subfield>
  </datafield>
  <datafield tag="245" ind1=" " ind2=" ">
    <subfield code="a">Cumhuriyet Halk Partisi Kongreler Y&#xF6;netmeli&#x11F;i</subfield>
    <subfield code="b">2014</subfield>
    <subfield code="b">&#x130;l ve &#x130;l&#xE7;e Kongreleri ile Muhtarl&#x131;k B&#xF6;lgesi ve &#x130;l&#xE7;e Kongreleri Delegelerinin Se&#xE7;imi</subfield>
    <subfield code="c">CHP</subfield>
  </datafield>
  <datafield tag="246" ind1=" " ind2=" ">
    <subfield code="a">CHP Kongreler y&#xF6;netmeli&#x11F;i</subfield>
  </datafield>
  <datafield tag="246" ind1=" " ind2=" ">
    <subfield code="a">CHP y&#xF6;netmeli&#x11F;i</subfield>
  </datafield>
  <datafield tag="246" ind1=" " ind2=" ">
    <subfield code="a">CHP 2014 y&#xF6;netmeli&#x11F;i</subfield>
  </datafield>
  <datafield tag="246" ind1=" " ind2=" ">
    <subfield code="a">Cumhuriyet Halk Partisi y&#xF6;netmelik</subfield>
  </datafield>
  <datafield tag="246" ind1=" " ind2=" ">
    <subfield code="a">CHP 2014 y&#xF6;netmelikleri</subfield>
  </datafield>
  <datafield tag="246" ind1=" " ind2=" ">
    <subfield code="a">CHP &#x130;l ve &#x130;l&#xE7;e Kongreleri ile Muhtarl&#x131;k B&#xF6;lgesi ve &#x130;l&#xE7;e Kongreleri Delegelerinin Se&#xE7;imi y&#xF6;netmeli&#x11F;i</subfield>
  </datafield>
  <datafield tag="260" ind1=" " ind2=" ">
    <subfield code="a">Ankara </subfield>
    <subfield code="b">CHP</subfield>
    <subfield code="c">2014</subfield>
  </datafield>
  <datafield tag="300" ind1=" " ind2=" ">
    <subfield code="a">30 s.</subfield>
    <subfield code="c">19x13 sm.</subfield>
  </datafield>
  <datafield tag="440" ind1=" " ind2=" ">
    <subfield code="a">Cumhuriyet Halk Partisi yay&#x131;nlar&#x131;</subfield>
    <subfield code="p">Y&#xF6;netmelikler</subfield>
  </datafield>
  <datafield tag="500" ind1=" " ind2=" ">
    <subfield code="a">D&#x131;&#x15F; kapak yap&#x131;t ad&#x131;: Kongreler ((&#x130;l ve &#x130;l&#xE7;e Kongreleri ile Muhtarl&#x131;k B&#xF6;lgesi ve &#x130;l&#xE7;e Kongreleri Delegelerinin Se&#xE7;imi) y&#xF6;netmeli&#x11F;i</subfield>
  </datafield>
  <datafield tag="500" ind1=" " ind2=" ">
    <subfield code="a">K&#xFC;t&#xFC;phaneciden &#xE7;evrimd&#x131;&#x15F;&#x131; versiyonu sa&#x11F;lanabilir.</subfield>
  </datafield>
  <datafield tag="610" ind1=" " ind2=" ">
    <subfield code="a">Cumhuriyet Halk Partisi (CHP)</subfield>
    <subfield code="x">Y&#xF6;netmelikler, 2014</subfield>
  </datafield>
  <datafield tag="610" ind1=" " ind2=" ">
    <subfield code="a">Cumhuriyet Halk Partisi (CHP)</subfield>
    <subfield code="x">Hukuk ve mevzuat</subfield>
    <subfield code="y">Y&#xF6;netmelikler</subfield>
  </datafield>
  <datafield tag="651" ind1=" " ind2=" ">
    <subfield code="a">T&#xFC;rkiye</subfield>
    <subfield code="x">Siyaset ve y&#xF6;netim</subfield>
    <subfield code="y">2014-2016</subfield>
  </datafield>
  <datafield tag="740" ind1=" " ind2=" ">
    <subfield code="a">Kongreler ((&#x130;l ve &#x130;l&#xE7;e Kongreleri ile Muhtarl&#x131;k B&#xF6;lgesi ve &#x130;l&#xE7;e Kongreleri Delegelerinin Se&#xE7;imi) y&#xF6;netmeli&#x11F;i</subfield>
  </datafield>
  <datafield tag="740" ind1=" " ind2=" ">
    <subfield code="a">2014 CHP Kongreler y&#xF6;netmeli&#x11F;i</subfield>
  </datafield>
  <datafield tag="740" ind1=" " ind2=" ">
    <subfield code="a">2014 CHP &#x130;l ve &#x130;l&#xE7;e Kongreleri ile Muhtarl&#x131;k B&#xF6;lgesi Temsilcilerinin &#x130;l&#xE7;e Kongreleri Delegelerinin Se&#xE7;imi y&#xF6;netmeli&#x11F;i</subfield>
  </datafield>
  <datafield tag="830" ind1=" " ind2=" ">
    <subfield code="a">CHP y&#xF6;netmelikleri</subfield>
  </datafield>
  <datafield tag="942" ind1=" " ind2=" ">
    <subfield code="2">ddc</subfield>
    <subfield code="c">BKS</subfield>
  </datafield>
  <datafield tag="999" ind1=" " ind2=" ">
    <subfield code="d">9056</subfield>
  </datafield>
</record>
